| 000 | 00695cam a2200277 4500 | ||
|---|---|---|---|
| 008 | 090401t1999 xxu||||| |||| 00| 0 eng d | ||
| 020 | _a0632050926 | ||
| 035 | _a(Sirsi) u92966 | ||
| 041 | _aeng | ||
| 050 | _a690.1 | ||
| 100 | _aBarry, R. | ||
| 245 | 4 | _aThe construction of buildings Volume 2. | |
| 250 | _a5th ed. | ||
| 260 |
_bBlackwell Science _c1999 |
||
| 350 | _a15.99 | ||
| 650 | _aCHIMNEYS | ||
| 650 | _aDOORS | ||
| 650 | _aINTERNAL FINISHES | ||
| 650 | _aRENDERING | ||
| 650 | _aBUILT ENVIRONMENT-BUILDING ELEMENTS-COMPLETE BUILDING ELEMENTS-STAIRS | ||
| 650 | _aSTOVES | ||
| 650 | _aWINDOWS | ||
| 690 | _aBUILT ENVIRONMENT | ||
| 942 | _n0 | ||
| 948 | _c26/04/1999 | ||
| 999 |
_c97791 _d97791 |
||